000 00389cam a2200157ua 4500
003 OSt
008 250527b |||||||| |||| 00| 0 eng d
041 _aeng
082 _a624.17
_bPYT/ME
100 _aPytel, Andrew .
_97504
245 _aMechanics of materials /
260 _aNew Delhi :
_bBrooks/Cole ,
_c2008.
300 _a ; .
700 1 _aKiusalaas, Jaan .
_97505
942 _cBK
999 _c13423
_d13423